000 01709nam0a2200421 4500
001 RU\NLR\bibl\320243
005 20260406215716.0
010 _a5-02-018296-6
_9200
021 _aRU
_b2002-31548
_91562
035 _a(NLR Aleph) 000315304
090 _a63145
_c63145
100 _a20021008d2001 |||y0rusy50 ca
101 0 _arus
_deng
102 _aRU
105 _ay |||||||||
200 1 _aЯпония: снова на марше?
_e[Сб. ст.]
_fЦентр по изуч. соврем. Японии и др.
_g[Отв. ред. В. Рамзес]
210 _aМ.
_cВост. лит.
_d2001
215 _a293, [3] с.
_d21
300 _aВ надзаг. также: Ин-т мировой экономики и междунар. отношений РАН, Яп. фонд
300 _aРез.: англ.
320 _aБиблиогр. в примеч. в конце ст.
607 _aЯпония
_jСборники
_xИстория
_z1990-ые гг.
_92079624
_3RU\NLR\auth\661255515
610 0 _aВнешняя политика Японии
610 0 _aЭкономика
610 0 _aЯпония - Политическая организация общества
675 _a327(520)(082)
_v3
_zrus
686 _a11.25
_2rugasnti
686 _a66.4(5Япо)
_2rubbk
686 _aТ3(5Я)63я43
702 1 _aРамзес
_bВ. Б.
_gВадим Борисович
_4340
712 0 2 _4570
_aЦентр по изучению современной Японии
_cМосква
_3RU\NLR\AUTH\889973877
_9444521
801 0 _aRU
_bRKP
_c20021008
_gPSBO
801 1 _aRU
_bRKP
_c20021008
801 2 _aRU
_bNLR
_c20021114
_grcr
942 _cBOOK
980 _aNB